000 00399nam a2200157Ia 4500
008 230917s9999||||xx |||||||||||||| ||und||
040 _e112810
_aMAIN
041 _aEnglish
082 _a620.105 P815E
100 _aPopov, Egor Paul
245 0 _aEngineering mechanics of solids
250 _a2nd ed.
260 _aNew Delhi
_bPearson Printice-Hall
_c2006
300 _axv, 864 p.
942 _cBK
999 _c138401
_d138401